00651nam a2200193 i 4500001000700000003000900007005001700016007000300033008004100036080002100077100004100098245008900139250001200228260003200240300002200272852002200294999001900316952012200335130046ES-MaACL20230906193629.0t|070717s1966 sp ||||1| spa d a821.134.2-31"19"1 aZunzunegui, Juan Antonio de.911851113aUn hombre entre dos mujeres : bnovela de carácter / cJuan Antonio de Zunzunegui. a1ª ed. aMadrid : bNoguera, c1966. a762 p. ; c20 cm.4 aES-MaACLjC-29642 c130046d130046 00104070aATENEOMbATENEOMcDEPO2d2008-01-17eSCl0oC-29642p1135410r2023-02-23 00:00:00w2023-02-23yMONOGRAFIA